Gaceta de litigación penal (Registro nro. 21718)
[ vista simple ]
| 000 -Cabecera | |
|---|---|
| Campo de control interno | 00675nam a2200217Ia 4500 |
| 005 - Fecha y hora del registro | |
| control field | 20260407082147.0 |
| 008 - Elementos de Longitud Fija | |
| fixed length control field | 260320s9999||||xx |||||||||||||| ||und|| |
| 022 ## - ISSN | |
| ISSN | 27892492 |
| 041 ## - Idioma | |
| Codigo Idioma | ESP |
| 082 ## - DEWEY y NOTACIÓN INTERNA | |
| Dewey | HR 345.2 T. 12 JUN 2025 |
| Notación Interna | GLP |
| 110 ## - AUTOR INSTTITUCIONAL | |
| Autor Institucional | Gaceta Jurídica |
| 245 #0 - TÍTULO DE MATERIAL BIBLIOGRÁFICO | |
| Título | Gaceta de litigación penal |
| 260 ## - CIUDAD, EDITORIAL, AÑO | |
| Ciudad | Lima : |
| Nombre de la Editorial | Gaceta Jurídica, |
| Año | 2025 |
| 300 ## - DESCRIPCIÓN | |
| N° Páginas | 189 páginas : |
| Otros detalles | gráficos ; |
| Dimensiones | 25 cm. |
| 650 ## - TEMAS | |
| Temas | Ciencias Sociales |
| 653 ## - DESCRIPTORES | |
| Lenguajes no controlado | Derecho - Revista |
| 654 ## - PROGRAMAS | |
| Programa | Dpto. de Derecho y Ciencia Política |
| 856 ## - URL - UBICACIÓN | |
| URI/URL: Enlace exacto del recurso | <a href="https://www-gacetajuridica-com-pe.ucsp.lookproxy.com/productos/gaceta-penal-procesal-penal/revistas-digitales">https://www-gacetajuridica-com-pe.ucsp.lookproxy.com/productos/gaceta-penal-procesal-penal/revistas-digitales</a> |
| Nota pública: Versión digital | <a href="Versión digital">Versión digital</a> |
| 942 ## - ELEMENTOS DE KOHA | |
| Tipo de documento | Revista |
| Nombre del creador | Justo Noguera |
| Código de catalogador | Margarita Torres |
| Esquema de clasificación | Dewey Decimal Classification |
| Codigo completo | Registro | Colección | Copia número | Disponibilidad | Tipo de préstamo | Biblioteca Actual | Procedencia (Biblioteca) | Ubicacón | Fecha Ingreso | Tipo de Adquisición | Date last seen | Total checkouts | Price effective from | Tipo de Item | Estado del Material | Fuente de Clasificación | Damaged status | Withdrawn status |
|---|---|---|---|---|---|---|---|---|---|---|---|---|---|---|---|---|---|---|
| HR 345.2 T. 12 JUN 2025 GLP | 1085265 | Universidad Católica San Pablo | 1 | Disponible | Disponible | Víctor Andrés Belaunde | Víctor Andrés Belaunde | Planta baja abierta | 07/04/2026 | Suscripción | 07/04/2026 | 07/04/2026 | Revista | Bueno | Dewey Decimal Classification |




